00345nam a2200145Ia 4500008004100000020001500041082001600056100001700072245002300089260002700112300000800139650001100147650001900158700002200177140316s9999 xx 000 0 und d a8187474716 a818bFIS/GA aFisher ,Loui aGandhiyum Stalinum aKozhikodubOlivec2009 a186 aHitler aMalayalam book aMannissery,Hameed